Vivencia de Dios: la experiencia de la mística
Gardado en:
| Autor Principal: | |
|---|---|
| Formato: | Libro |
| Idioma: | Lingua castelá |
| Publicado: |
Barcelona
Herder
1984
|
| Subjects: | |
| Tags: |
Engadir etiqueta
Sen Etiquetas, Sexa o primeiro en etiquetar este rexistro!
|
MARC
| LEADER | 00000nam a2200000 a 4500 | ||
|---|---|---|---|
| 001 | UCZ5330 | ||
| 003 | CL-VaPUC | ||
| 008 | 951117e19840000SP |||||||||||||||||spa|d | ||
| 082 | 0 | 4 | |a 149.3 |b BAD |2 21 |
| 100 | |a Baden, Hans Jürgen |e author |9 349275 | ||
| 245 | 1 | 0 | |a Vivencia de Dios: la experiencia de la mística |
| 300 | |a 203 p | ||
| 942 | |c BK | ||
| 945 | |d 19951117 00:00:00 |a lriquelm | ||
| 260 | |a Barcelona |b Herder |c 1984 | ||
| 650 | 0 | |a Misticismo |9 265505 | |
| 650 | 0 | |a Filosofía cristiana |9 265980 | |
| 650 | 0 | |a Religión |9 255164 | |
| 650 | 0 | |a Textos sagrados |9 257605 | |
| 650 | 0 | |a Filosofía del espíritu |9 320175 | |
| 583 | |a last modification |c 19951117 00:00:00 |k Rodrigo Vera | ||
| 999 | |c 241648 |d 241646 | ||
| 952 | |0 0 |1 0 |4 0 |6 149_300000000000000_BAD_1984 |7 0 |8 A |9 254030 |a BIBEDU |b BIBEDU |d 2019-11-19 |i 1571583 |o 149.3 BAD 1984 |p 1571583 |r 2019-11-19 |w 2019-11-19 |y BK |k FIL | ||